| 000 | 01008nas a2200277 i 4500 | ||
|---|---|---|---|
| 003 | DO-SdBNP | ||
| 005 | 20260514101511.0 | ||
| 007 | ta | ||
| 008 | 260513e2024 dr mn|p|r||||||0| | spa d | ||
| 022 | _a1900-6136 | ||
| 040 |
_aDO-SdBNP _bspa _cBNPHU _erda |
||
| 041 | _aspa | ||
| 245 |
_aLa lira : _brevista musico-cultural trimestral. barranquilla / _cLa Lira Revista. Jose Fernando Quintero, ilustración de portada. |
||
| 264 |
_aSanto Domingo, República Dominicana : _bLa Lira, _c2024. |
||
| 300 |
_avolumen: _bIlustraciones, fotografías ; _c34 cm. |
||
| 310 | _aMensual. | ||
| 336 |
_atexto _btxt _2rdacontent |
||
| 337 |
_asin mediación _bn _2rdamedia |
||
| 338 |
_avolumen _bnc _2rdacarrier |
||
| 362 | _aNúmero 81. junio 2024. | ||
| 500 | _aCatalogación basada a la edición Número 81. junio 2024. | ||
| 650 | 0 |
_aMÚSICA DOMINICANA _91340 _vPublicaciones periódicas |
|
| 650 | 0 |
_aCultura _989224 _vPublicaciones periódicas |
|
| 700 |
_aQuintero, Jose Fernando _989558 |
||
| 942 |
_2ddc _cISSUE |
||
| 999 |
_c60731 _d60731 |
||